[Event "Lueneburg distr-ch Haupt"]
[Site "Lueneburg"]
[Date "2017.10.15"]
[Round "7"]
[White "Cronjaeger, Bernd"]
[Black "Baldauf, Karsten"]
[Result "1/2-1/2"]
[WhiteElo "1838"]
[BlackElo "1636"]
[PlyCount "96"]
[EventDate "2017.10.12"]
[EventType "swiss"]
[EventRounds "7"]
[EventCountry "GER"]
[SourceTitle "EXT 2019"]
[Source "ChessBase"]
[SourceDate "2018.10.10"]
[SourceVersion "1"]
[SourceVersionDate "2018.10.10"]
[SourceQuality "1"]

1. e4 c5 2. Nf3 e6 3. d4 cxd4 4. Nxd4 Bc5 5. Nb3 Bb6 6. Nc3 a6 7. g3 Ne7 8. Bg2 0-0 9. Qg4 f5 10. exf5 Nxf5 11. 0-0 d5 12. Bg5 Qe8 13. Rae1 Qg6 14. Qb4 Ba7 15. Bf4 Nc6 16. Qa3 Ncd4 17. Nxd4 Nxd4 18. Nxd5 exd5 19. Bxd5+ Be6 20. Rxe6 Nxe6 21. Qd6 Kh8 22. Qxe6 Qxe6 23. Bxe6 Rae8 24. Bc4 Bc5 25. Kg2 b5 26. Bd3 Re6 27. Bd2 Bd4 28. c3 Bf6 29. Be3 Rd8 30. Be2 Rxe3 31. fxe3 Rd2 32. Kf3 Rxb2 33. c4 Rxa2 34. cxb5 axb5 35. Bxb5 Rxh2 36. Rc1 Kg8 37. Rc7 Kf8 38. Bd3 Rh3 39. Kg4 Rxg3+ 40. Kxg3 Be5+ 41. Kg4 Bxc7 42. Bxh7 Ke7 43. Kf5 Bg3 44. Kg6 Be5 45. Bg8 Bf6 46. Kf5 Kd6 47. e4 Be5 48. Kg6 Ke7 1/2-1/2

[Event "Lueneburg distr-ch Haupt"]
[Site "Lueneburg"]
[Date "2017.10.13"]
[Round "3"]
[White "Cronjaeger, Bernd"]
[Black "Drezek, Wieslaw"]
[Result "1/2-1/2"]
[WhiteElo "1838"]
[BlackElo "1604"]
[PlyCount "116"]
[EventDate "2017.10.12"]
[EventType "swiss"]
[EventRounds "7"]
[EventCountry "GER"]
[SourceTitle "EXT 2019"]
[Source "ChessBase"]
[SourceDate "2018.10.10"]
[SourceVersion "1"]
[SourceVersionDate "2018.10.10"]
[SourceQuality "1"]

1. e4 e5 2. Nf3 Nc6 3. Bb5 Nf6 4. 0-0 d6 5. d4 exd4 6. Nxd4 Bd7 7. Nxc6 bxc6 8. Bc4 Be7 9. Nc3 0-0 10. h3 Be6 11. Bb3 Rb8 12. Be3 Rb7 13. Qe2 Qc8 14. f4 Nd7 15. Rad1 Bf6 16. Qf3 Bxc3 17. bxc3 c5 18. f5 Bxb3 19. cxb3 f6 20. Bf4 Rb8 21. Qd3 Qe8 22. g4 a5 23. Rfe1 Rb6 24. Re2 Qf7 25. c4 a4 26. Kh2 Kh8 27. Rg1 h6 28. h4 Qe7 29. Rg3 axb3 30. axb3 Rfb8 31. Qc2 Ne5 32. Kh3 Nc6 33. Qb1 Na5 34. Qa2 Nxb3 35. Rb2 Qxe4 36. Rgxb3 Ra8 37. Rxb6 cxb6 38. Qb3 Qxf4 39. Qxb6 Qf3+ 40. Kh2 Qxg4 41. Qxd6 Qxh4+ 42. Kg2 Qg4+ 43. Kh2 Qxf5 44. Rb8+ Rxb8 45. Qxb8+ Kh7 46. Qb5 h5 47. Kg3 Kh6 48. Qb3 g5 49. Qb5 h4+ 50. Kg2 g4 51. Qe8 h3+ 52. Kg1 Kg5 53. Qe3+ Kh4 54. Qh6+ Kg3 55. Qe3+ Qf3 56. Qe1+ Kf4 57. Qc1+ Qe3+ 58. Kh2 Qxc1 1/2-1/2